000 00678nam a2200265Ia 4500
001 6761
005 20240113233938.0
007 ta
008 050630s991- a g b000 u eng u
040 _aCotton College,Assam
041 _aeng
082 _a530.12
_bGo 784 St
100 _aGoyal, J.K. .
245 0 _aStatics /
_cJ.K. Goyal & K.P. Gupta.
_hTextual Documents
250 _a8th ed. /
260 _aMeerut :
_bKrishna Prakashan Mandir ,
_c1991-92.
300 _a60p. :
_bill. ;
_c22cm .
653 _aPhysics
653 _aStatics
653 _aPG-Physics
700 _aGupta, K.P. .
942 _2ddc
_cBK
999 _c6748
_d6748